- Tasset Carmona, José Luis
Entry Nombre Personal
001 - NUMERO DE CONTROL
- campo de control: 50065
003 - IDENTIFICADOR DE NUMERO DE CONTROL
- campo de control: DLC
005 - FECHA Y HORA DE LA ÜLTIMA TRANSACCIÓN
- campo de control: 20230925125136.0
008 - DATOS DE LONGITUD FIJA
- campo de control de longitud fija: 160307nn acnnnaabn a aaa c
010 ## - NÚMERO DE CONTROL DE LA BIBLIOTECA DEL CONGRESO
- Número de control LC: no2016031342
035 ## - NUMERO DE CONTROL
- Número de control: (OCoLC)oca10411473
040 ## - FUENTE DE CATALOGACIÓN
- Agencia original de catalogación: NjUpM
- Lenguaje de catalogación: spa
- Description conventions: rda
- Agencia de transcripción: NjUpM
- Agencia que lo modifica: MX-MxUPN
100 1# - ENCABEZAMIENTO - NOMBRE PERSONAL
- Nombre personal: Tasset Carmona, José Luis
372 ## - CAMPO DE ACTIVIDAD
- Field of activity: Filosofía
- Field of activity: Etica
- Fuente del término: bgtq
373 ## - GRUPO ASOCIADO
- Associated group: Universidade da Coruña
- Fuente del término: naf
374 ## - OCUPACIÓN
- Occupation: Filósofos
- Occupation: Maestros universitarios
- Fuente del término: bgtq
377 ## - LENGUA ASOCIADA
- Language code: spa
400 1# - VEÁSE - NOMBRE DE PERSONA
- Personal name: Carmona, José Luis Tasset
400 1# - VEÁSE - NOMBRE DE PERSONA
- Personal name: Tasset, José L.
670 ## - FUENTE EN LA QUE SE LOCALIZARON DATOS
- Cita de la fuente: Lipman, Matthew. Kio y Gus, 1992:
- Información localizada: portada (Traducción: José Luis Tasset Carmona)
670 ## - FUENTE EN LA QUE SE LOCALIZARON DATOS
- Cita de la fuente: OCLC, February 29, 2016
- Información localizada: (puntos dea cceso: Tasset Carmona, José Luis; Tasset, Jose L.; usage: José Luis Tasset Carmona, José L. Tasset)
670 ## - FUENTE EN LA QUE SE LOCALIZARON DATOS
- Cita de la fuente: SIEU website, March 1, 2016:
- Información localizada: José Luis Tasset Carmona page (José Luis Tasset Carmona, Ph D., president of Sociedad Iberoamericana de Estudios Utilitaristas (SIEU); faculty of Universidade da Coruña; specializes in modern and contemporary ethics)
- Uniform Resource Identifier: http://sieu.es/jlt/index.php
670 ## - FUENTE EN LA QUE SE LOCALIZARON DATOS
- Cita de la fuente: Asombrándose ante el mundo, 1993 :
- Información localizada: portada (José Luis Tasset Carmona)
902 ## - CATALOGADOR
- Catalogador: VíctorGodínez/250623
